| 000 | 01030cam a2200241 4500 | ||
|---|---|---|---|
| 001 | ABS64728 | ||
| 008 | 011025n2001 000 0 eng u | ||
| 035 | _a(Sirsi) u115308 | ||
| 100 | _aDaley, H | ||
| 245 | _aAdverse possession: recent developments | ||
| 260 | _c2001 | ||
| 490 |
_aNew Law Journal _v151(7002) 5 October 2001, 1447-1448(2) |
||
| 520 | _aExamines the current position on adverse possession. Discusses "JA Pye (Oxford) Ltd v Graham" and "Mayor and Burgesses of Lambeth LBC v Blackburn" which both address the issue of squatters property rights under the Human Rights Act 1998. Summarises the Law Commission's proposals to reform statutory limitation periods and registered land to restrict squatters rights. | ||
| 590 | _aABS | ||
| 650 | _aADVERSE POSSESSION | ||
| 650 | _aSQUATTERS | ||
| 650 | _aJA PYE (OXFORD) LTD V GRAHAM | ||
| 650 | _aHUMAN RIGHTS ACT 1998 | ||
| 650 | _aLIMITATION ACT 1980 | ||
| 650 | _aMAYOR AND BURGESSES OF LAMBETH LBC V BLACKBURN | ||
| 690 | _aPROPERTY | ||
| 942 | _n0 | ||
| 999 |
_c68672 _d68672 |
||